00882 a2200217 4500010001400000020002300014035001300037037001800050082001200068090001500080100001800095245007400113260005000187270013700237300002700374500005000401650003500451942002700486999001500513952013600528 aENG-85181 a8189422162c550.00 aEN-68714 bD.B.Act / Pub14a910.285 c1634d16341 aElangovan, K.1 aGIScby K. Elangovanbfundamentals, applications and implementations aNew DelhibNew India Publishing Agency,c2006 a101, Vikas Surya Plaza, CU Block, LSC Mkt., Pitam PurabDelhicDelhie110034k011-27341717l011-27341616mspjain_niph@rediffmail.com axiv,208 pc22 cm. (Hb) aIncludes bibliographical references and index 0aGeographic information systems adplcENk910.285 / ELA c1605d1605 00102ddc40718NFICaDBADbDBADeDBAD/PUBg550.00l0o910.285 ELApEN-68714r2008-09-15 00:00:00t1u1686v550.00w2008-09-15yEN